Responses for Show #3490 - Friday, November 5, 1999

1999-B Teen Tournament quarterfinal game 5.

Contestants

[<< previous game]

Erin Gell, a senior from Boca Raton, Florida

Scott Duquette, a junior from South Hamilton, Massachusetts

Emily Deveau, a junior from St. Johns, Michigan

[next game >>]

Jeopardy! Round responses

WORLD TRAVEL
THEY WERE TEENS IN 1950
STAR TREK: VOYAGER
SCHOOL PLAYS
ECO TRIP
IT'S EASY
    $100 8
Thailand

Erin
    $100 6
Warren Beatty

Erin
    $100 26
(Alex: Did you notice his ears? He's a [*].)

Vulcan

Triple Stumper
    $100 1
The Glass Menagerie

Erin
    $100 20
smog

Erin
    $100 11
a log

Scott
    $200 16
Bermuda

Scott
    $200 7
Mary Tyler Moore

Scott
    $200 27
the Alpha Quadrant

Triple Stumper
    $200 2
Lillian Hellman

Erin
    $500 21
recycle

Erin
    $200 12
cake

Emily
    $300 17
Madrid

Scott
    $300 9
Rupert Murdoch

Triple Stumper
    $300 28
[Laughter at the third triple stumper in a row]
...
(Alex: Erin, I bet you wanna go to $400.)

chef

Triple Stumper
    $300 3
Henrik Ibsen

Erin
    $300 23
the Hard Rock Cafe

Emily
    $300 13
a breeze

Scott
    $400 18
Tokyo

Erin
    $400 10
John McCain

Triple Stumper
    $400 29
LeVar Burton

Triple Stumper
    $400 4
Edward Albee

Triple Stumper
    $400 24
Al Gore

Triple Stumper
    $400 14
duck

Erin
    $500 19
Peru

Emily
    $500 22
Quebec

Emily
    $500 30
(Scott: What is the bridge?)
...
(Alex: Aren't you glad we have abandoned STAR TREK: VOYAGER?!)

sick bay

Scott
Triple Stumper
    $500 5
(Alex: Erin, 4 out of 5 for you!)

Antigone

Erin
    $500 25
(Alex: Less than a minute to go.)

acid rain

Erin
    $500 15
(Erin: What is "1 2 3?")

"ABC"

EmilyErin

Scores at the first commercial break (after clue 15):

Emily Scott Erin
$700 $600 $1,200

Scores at the end of the Jeopardy! Round:

Emily Scott Erin
$2,000 $600 $2,700

Double Jeopardy! Round responses

U.S. PRESIDENTS
IT'S A GROUP THING
(Alex: We want you to identify the group.)
BIOLOGY
LIGHTS! CAMERA! ACTION MOVIE!
FAIRY TALES
IRREGULAR VERBS
    $200 4
John Adams

Scott
    $200 19
Santa's reindeer

Emily
    $200 24
Reptiles

Scott
    $200 14
Chuck Norris

Erin
    $200 3
Rumpelstiltskin

Erin
    $200 1
(Emily: What is I lay?)

I lie

EmilyScott
    $400 8
Woodrow Wilson

Erin
    $400 20
Hanson

Emily
    $400 25
(and we have less than a minute to go...)

Penicillin

Emily
    $400 15
Independence Day

Emily
    $400 6
(Emily: Who is the Little Match Girl?)

Cinderella

Emily
Triple Stumper
    $400 2
Hurt

Emily
    $600 9
Teddy Roosevelt

Emily
    $600 21
Knights of the Round Table

Emily
    $700 26
Cells

Emily
    $600 16
The Lost World

Emily
    $600 7
Jack

Erin
    $600 5
E

Emily
    $800 12
James Knox Polk

Scott
    $800 22
the Marx Brothers

Erin
    $800 27
(S: What is balance?)

Blood pressure

Scott
Triple Stumper
    $800 17
Jackie Chan

Scott
    $800 10
Tom Thumb

Scott
    $800 29
Brought

Emily
    $1000 13
(S: Who is John Quincy Adams?)

James Monroe

ScottErin
    $1000 23
(Alex: A little before your time!)

the original Charlie's Angels

Triple Stumper
    $1000 28
Eye

Triple Stumper
    $1000 18
Mel Gibson & Danny Glover

Emily
    $1000 11
Puss 'n Boots

Scott
    $1000 30
To be

Emily

Scores at the end of the Double Jeopardy! Round:

Emily Scott Erin
$9,100 $2,800 $5,900

Final Jeopardy! Round responses

MODERN TECHNOLOGY
[The four wildcard semifinalists are Jack Challis, Kristi Jones, Chrissy Ijams, and Erin Gell.]
(Alex: We'll look for you next week in New York, folks. So long!)
ScottWhat is a coordinate system?
$1,800
ErinWhat is ???
$0
EmilyWhat is a cursor
$1,800
a mouse

Final scores:

Emily Scott Erin
$7,300 $1,000 $5,900
Automatic semifinalist 3rd place: $2,500 if eliminated 2nd place: $2,500 if eliminated

Game dynamics:

Coryat scores:

Emily Scott Erin
$9,000 $2,800 $5,600
18 R
(including 1 DD),
2 W
12 R
(including 1 DD),
3 W
17 R
(including 1 DD),
1 W

Combined Coryat: $17,400

[game clues] [game scores] [suggest correction]

Game tape date: 1999-09-13
The J! Archive is created by fans, for fans. Scraping, republication, monetization, and malicious use prohibited; this site may use cookies and collect identifying information. See terms. The Jeopardy! game show and all elements thereof, including but not limited to copyright and trademark thereto, are the property of Jeopardy Productions, Inc. and are protected under law. This website is not affiliated with, sponsored by, or operated by Jeopardy Productions, Inc. Join the discussion at JBoard.tv.